000 00548nam a2200193 i 4500
001 95766
003 ES-MaACL
005 20250728110241.0
007 t|
008 050603s1951 sp ||||1| spa d
080 _a1:28(04)
100 1 _aLluís y Navas, Jaime.
_972976
245 1 0 _aCriticismo y Catolicismo /
_cJaime Lluís y Navas.
260 _aBarcelona :
_bErasmo,
_c1951.
300 _a15 p. ;
_c25 cm.
650 0 7 _aReligión y filosofía
_2embne
_916811
852 _aES-MaACL
_j1941-F-11
_bR.32316
999 _c95766
_d95766